| 000 | 00552nam a22001817a 4500 | ||
|---|---|---|---|
| 003 | OSt | ||
| 005 | 20140310182515.0 | ||
| 008 | 130311t xxu||||| |||| 00| 0 eng d | ||
| 020 | _a9788189836658 | ||
| 050 |
_aRS 41 _b.R388 2006 |
||
| 110 |
_aLippincott Williams and Wilkins _98855 |
||
| 245 |
_aRemington : _bthe science and practice of pharmacy / _cPaul Beringer, et. al. ; |
||
| 250 | _a21st ed. | ||
| 260 |
_aNew Delhi : _bWolters Kluwer Pvt. Ltd. , _cc2006. |
||
| 300 |
_c29 cm. _a2350 p. ; _bill. ; |
||
| 942 |
_2lcc _cSSLC |
||
| 999 |
_c13950 _d13950 |
||